MARC

LEADER 00000nab a2200000 a 4500
001 vtls009160738
003 SK-MaSNL
005 20260305043527.0
008 250507c1942 xo |r|p|||||||000 b|slo
015 |a SNBRB2007/11  |2 snkbucl 
035 |a (uuid)8bb90da1-14db-4e5a-89bc-975759316bc0 
035 |a urn:nbn:sk:snk-ab1e0x 
035 |a (urnnbn)urn:nbn:sk:snk:ar-002u8a 
038 |a SNKBUCL 
040 |a SNKBUCL  |b slo  |c SNKBUCL  |e AACR2 
041 0 |a slo 
044 |a xo  |c SK 
080 |a 811.162.4`342.415  |2 2001 
080 |a 81`342.415:811.162.4  |2 2001 
080 |a 801.8  |2 2001 
080 |a 398.8  |x (=162.4)  |2 2001 
080 |a 81`0:811.162.4  |2 2001 
080 |a 811.162.4`0  |2 2001 
080 |a 811.162.4  |x (091)  |2 2001 
080 |a 811.162.4-26  |2 2001 
100 1 |a Žigo, Ján,  |d 1915-1995  |4 aut  |9 108696 
245 1 0 |a Dejiny dvojhlások v spisovnej slovenčine  |c Ján Žigo 
500 |a Pokračovanie 
504 |a Bibliogr. odkazy 
600 1 7 |a Kollár, Ján,  |d 1793-1852  |t Národnie zpievanky  |2 snkbucl  |9 1061095 
600 1 7 |a Kollár, Ján,  |d 1793-1852  |t Písně světské lidu slovenského v Uhřích  |2 snkbucl  |9 1052998 
600 1 7 |a Šafárik, Pavol Jozef,  |d 1795-1861  |t Písně světské lidu slovenského v Uhřích  |2 snkbucl  |9 1052997 
650 0 7 |a slovenčina  |2 snkbucl  |9 1350 
650 0 7 |a dvojhlásky  |2 snkbucl  |9 73931 
650 0 7 |a štúrovci  |2 snkbucl  |9 59026 
650 0 7 |a jazykové aspekty  |2 SNK  |9 3836 
773 0 |t Slovenská reč  |g Roč. X, č. 4 (1942/1943), s. 119-128 
850 |a Slovenská národná knižnica 
852 |a Slovenská národná knižnica 
954 |a odborná, vedecká literatúra pôvodná (slovenská)  |2 lita 
958 |a article27 
958 |a SK 
958 |a OND 
958 |a EUIPO 
999 |c 3354021  |d 3355951